[Event "Challenge"]
[Site "http://www.queenalice.com/game.php?id=1447579"]
[Date "2016.11.3"]
[Round "-"]
[White "recchdegomm1"]
[Black "mallard97"]
[Result "1-0"]
[WhiteElo "1298"]
[BlackElo "1314"]

1. e4 e5 2. Nf3 d5 3. exd5 c5 4. Bb5+ Nd7 5. d3 a6 6. Bg5 f6 7. Be3 axb5 8. Na3
b4 9. Nb5 Qb6 10. c4 Ne7 11. d6 Nf5 12. O-O Nxd6 13. Nd2 Nf5 14. Qh5+ g6 15. Qf3
Be7 16. a4 Nh4 17. Qd5 Rf8 18. Ne4 1-0

[Event "AUTO-OPEN-3724"]
[Site "http://www.queenalice.com/game.php?id=1448696"]
[Date "2016.11.7"]
[Round "1"]
[White "MarcosT"]
[Black "mallard97"]
[Result "1-0"]
[WhiteElo "1785"]
[BlackElo "1270"]

1. e4 e5 2. Nf3 d5 3. exd5 Qxd5 4. Nc3 Qd7 5. Nxe5 Qd4 6. Qh5 g6 7. Qe2 Nd7 8.
Nxd7+ Kxd7 9. Qb5+ c6 10. Qd3 c5 11. Qxd4+ cxd4 12. Bb5+ Kd8 13. Ne4 a6 14. Bc4
b5 15. Bxf7 Nh6 16. Bd5 Rb8 17. d3 Bg7 18. Bxh6 Bxh6 19. Nd6 Rb6 20. Nf7+ Ke8
21. Nxh8 Rd6 22. O-O Rxd5 23. Rfe1+ Be3 24. fxe3 Be6 25. exd4 Rxd4 26. Rxe6+ Kd7
27. Rae1 Rd6 28. Rxd6+ 1-0

[Event "AUTO-OPEN-3724"]
[Site "http://www.queenalice.com/game.php?id=1448697"]
[Date "2016.11.7"]
[Round "1"]
[White "mallard97"]
[Black "MarcosT"]
[Result "0-1"]
[WhiteElo "1274"]
[BlackElo "1816"]

1. d4 Nf6 2. e4 d6 3. f3 e5 4. c3 Be7 5. Qa4+ Bd7 6. Qb4 b6 7. Bc4 d5 8. exd5
Bxb4 9. cxb4 exd4 10. Ne2 O-O 11. O-O c5 12. bxc5 bxc5 13. Na3 Bf5 14. g4 Bg6
15. g5 Nxd5 16. Nb5 Nc6 17. Nf4 Qxg5+ 18. Kh1 Nxf4 19. Rg1 Qh4 20. Bd2 Qf2 21.
Be1 Qxf3+ 0-1

[Event "AUTO-OPEN-3724"]
[Site "http://www.queenalice.com/game.php?id=1448720"]
[Date "2016.11.7"]
[Round "1"]
[White "LOMBARDY"]
[Black "mallard97"]
[Result "1-0"]
[WhiteElo "2234"]
[BlackElo "1316"]

1. e4 e5 2. Nf3 c6 3. d4 f6 4. Bc4 d5 5. exd5 b5 6. Bb3 Qa5+ 7. Bd2 Qb6 8. dxe5
Bc5 9. O-O Bf5 10. exf6 Nxf6 11. Qe2+ Ne4 12. Nc3 Bxf2+ 13. Rxf2 O-O 14. Nxe4
Re8 15. Nf6+ Kf8 16. Qxe8# 1-0

[Event "AUTO-OPEN-3724"]
[Site "http://www.queenalice.com/game.php?id=1448721"]
[Date "2016.11.7"]
[Round "1"]
[White "mallard97"]
[Black "LOMBARDY"]
[Result "0-1"]
[WhiteElo "1272"]
[BlackElo "2142"]

1. d4 Nf6 2. f3 d5 3. e4 e6 4. e5 Nfd7 5. c3 c5 6. Qb3 Be7 7. Bf4 O-O 8. Bb5 Nc6
9. Qc2 cxd4 10. cxd4 Nxd4 11. Qa4 Nxb5 12. Qxb5 a6 13. Qd3 b5 14. Nc3 Bb7 15.
Nge2 Rc8 16. O-O-O b4 17. Kb1 bxc3 18. bxc3 f6 19. Be3 Nxe5 20. Qc2 Nc4 21. Qd3
e5 22. Nc1 Bc5 23. Bd2 Qb6+ 24. Ka1 Qb2# 0-1

[Event "AUTO-OPEN-3724"]
[Site "http://www.queenalice.com/game.php?id=1448734"]
[Date "2016.11.7"]
[Round "1"]
[White "pergaminos"]
[Black "mallard97"]
[Result "1-0"]
[WhiteElo "1717"]
[BlackElo "1268"]

1. d4 d5 2. Nc3 e6 3. a3 c6 4. Nf3 f5 5. Bg5 Nf6 6. e3 h6 7. Bxf6 Qxf6 8. Bd3
Bd6 9. O-O O-O 10. h3 g5 11. Ne5 b6 12. f4 c5 13. Nf3 cxd4 14. Nxd4 gxf4 15.
Ndb5 Qe5 16. Nxd6 Qxd6 17. exf4 Nc6 18. Qh5 Qc5+ 19. Kh1 d4 20. Qg6+ Kh8 21.
Qxh6+ Kg8 22. Ne2 Rf7 23. Qg6+ Kf8 24. Qh6+ Ke8 25. b4 Qf8 26. Qg5 Qg7 27. Qh5
Bb7 28. Bb5 a6 29. Bxc6+ Bxc6 30. Rg1 Qh7 31. Qxh7 Rxh7 32. Kh2 Kd7 33. Nxd4 Rc8
34. Rgd1 Rg7 35. Nxf5+ 1-0

[Event "AUTO-OPEN-3724"]
[Site "http://www.queenalice.com/game.php?id=1448735"]
[Date "2016.11.7"]
[Round "1"]
[White "mallard97"]
[Black "pergaminos"]
[Result "0-1"]
[WhiteElo "1297"]
[BlackElo "1764"]

1. e4 e5 2. f3 Nf6 3. g3 Bc5 4. c3 Nc6 5. d4 exd4 6. b4 Bb6 7. Ne2 dxc3 8. Nbxc3
d6 9. Bf4 Be6 10. b5 Na5 11. Qd3 O-O 12. e5 dxe5 13. Nc1 exf4 14. gxf4 Re8 15.
h3 Bc4+ 16. Be2 Bxd3 17. Nxd3 Qxd3 18. Rc1 Qxf3 19. Rf1 Qg3+ 20. Kd2 Qe3+ 21.
Ke1 Qxc1+ 0-1

[Event "AUTO-INT-3190"]
[Site "http://www.queenalice.com/game.php?id=1448756"]
[Date "2016.11.8"]
[Round "1"]
[White "marreta7"]
[Black "mallard97"]
[Result "1-0"]
[WhiteElo "1697"]
[BlackElo "1295"]

1. e4 e5 2. Nf3 c6 3. Bc4 b5 4. Bb3 Qa5 5. Nxe5 h5 6. Nxf7 Rh7 7. Nd6+ Kd8 8.
Bxg8 Rh6 9. Nf7+ Kc7 10. a3 Bc5 11. b4 Qb6 12. Nxh6 Bxf2+ 13. Kf1 Na6 14. Nf5
Bb7 15. Bb3 Re8 16. d3 d5 17. Qxh5 Re5 18. Bf4 Kc8 19. Qh8+ Qd8 20. Qxd8+ 1-0

[Event "AUTO-INT-3190"]
[Site "http://www.queenalice.com/game.php?id=1448757"]
[Date "2016.11.8"]
[Round "1"]
[White "mallard97"]
[Black "marreta7"]
[Result "0-1"]
[WhiteElo "1321"]
[BlackElo "1604"]

1. d4 d5 2. f4 Bf5 3. g4 Bxg4 4. Bh3 Bxh3 5. Nxh3 e6 6. O-O h6 7. Rf3 Nf6 8. Qd3
a6 9. Qb3 b5 10. Bd2 Nc6 11. Qc3 Qd7 0-1

[Event "AUTO-INT-3190"]
[Site "http://www.queenalice.com/game.php?id=1448772"]
[Date "2016.11.8"]
[Round "1"]
[White "MONTENEGRO"]
[Black "mallard97"]
[Result "1-0"]
[WhiteElo "1740"]
[BlackElo "1278"]

1. e4 e5 2. Nf3 c6 3. Nc3 f6 4. Bc4 d5 5. exd5 b5 6. Bb3 b4 7. Ne2 Qb6 8. O-O
Bc5 9. d3 Ne7 10. d4 exd4 11. Nexd4 O-O 12. a3 bxa3 13. Ne6 axb2 14. Bxb2 Rf7
15. Nxc5 Qxc5 16. d6 Nf5 17. Bxf7+ Kxf7 18. Ba3 Qc3 19. Qd3 Qa5 20. g4 1-0

[Event "AUTO-INT-3190"]
[Site "http://www.queenalice.com/game.php?id=1448773"]
[Date "2016.11.8"]
[Round "1"]
[White "mallard97"]
[Black "MONTENEGRO"]
[Result "0-1"]
[WhiteElo "1276"]
[BlackElo "1742"]

1. d4 Nf6 2. e4 d6 3. f3 e6 4. e5 dxe5 5. c3 Be7 6. Bc4 O-O 7. Ne2 a6 8. O-O Nc6
9. Be3 b5 10. Bb3 Bb7 11. Qd3 exd4 12. cxd4 Nd5 13. a3 Nxe3 14. Qxe3 Bf6 15. Nd2
e5 16. dxe5 Nxe5 17. Rac1 Re8 18. Rcd1 Qe7 19. f4 Ng6 20. Qd3 Rad8 0-1

[Event "AUTO-INT-3190"]
[Site "http://www.queenalice.com/game.php?id=1448782"]
[Date "2016.11.8"]
[Round "1"]
[White "chessplayer123"]
[Black "mallard97"]
[Result "1-0"]
[WhiteElo "1841"]
[BlackElo "1280"]

1. e4 e5 2. Nf3 Nf6 3. Bc4 c6 4. Nc3 d5 5. exd5 b5 6. Bb3 c5 7. Nxb5 Qb6 8. c4
Bf5 9. Nxe5 a6 10. Nc3 Bd6 11. Nf3 O-O 12. O-O Re8 13. Bc2 Bd7 14. d4 cxd4 15.
Nxd4 Qb4 16. Bd3 Bg4 17. Qc2 a5 18. a3 Qc5 19. Nf5 Bc7 20. Qd2 a4 21. Kh1 Nbd7
22. Qg5 h6 23. Nxh6+ Kf8 24. Nxg4 Ng8 25. Be3 Qd6 26. Nb5 1-0

[Event "AUTO-INT-3190"]
[Site "http://www.queenalice.com/game.php?id=1448783"]
[Date "2016.11.8"]
[Round "1"]
[White "mallard97"]
[Black "chessplayer123"]
[Result "0-1"]
[WhiteElo "1323"]
[BlackElo "1821"]

1. e4 e5 2. c3 d6 3. f4 exf4 4. d4 Qh4+ 5. g3 fxg3 6. h3 g2+ 7. Kd2 gxh1=Q 8.
Nf3 Qf2+ 9. Kd3 Qhxf3+ 10. Qxf3 Qxf3+ 0-1

[Event "AUTO-BEG-651"]
[Site "http://www.queenalice.com/game.php?id=1470306"]
[Date "2017.3.24"]
[Round "1"]
[White "mallard97"]
[Black "lordvhin"]
[Result "0-1"]
[WhiteElo "1258"]
[BlackElo "1323"]

1. e4 e5 2. f3 Nf6 3. Nh3 d5 4. Bb5+ c6 5. Ba4 dxe4 6. fxe4 Bc5 7. Qe2 Bg4 8.
Qc4 Nbd7 9. Bb3 O-O 10. Ng5 Qe7 11. d3 b5 12. Qc3 a5 13. Bxf7+ Rxf7 14. h3 Bb4
15. Kd2 Bxc3+ 16. bxc3 Rff8 17. hxg4 h6 18. Nf3 Nxg4 0-1

[Event "AUTO-BEG-651"]
[Site "http://www.queenalice.com/game.php?id=1470307"]
[Date "2017.3.24"]
[Round "1"]
[White "lordvhin"]
[Black "mallard97"]
[Result "1-0"]
[WhiteElo "1299"]
[BlackElo "1273"]

1. e4 e5 2. Nf3 Nc6 3. Be2 Qf6 4. Nc3 d6 5. O-O Be6 6. d3 O-O-O 7. Bg5 Qg6 8.
Bxd8 Nxd8 9. Kh1 Nf6 10. Nh4 Qg5 11. Nf5 d5 12. Ng3 Bc5 13. exd5 Bd7 14. Nge4
Qg6 15. Nxc5 c6 16. dxc6 Bxc6 17. Bf3 e4 18. dxe4 b6 19. e5 1-0

[Event "Challenge"]
[Site "http://www.queenalice.com/game.php?id=1472278"]
[Date "2017.4.6"]
[Round "-"]
[White "Baby_Chess_91"]
[Black "mallard97"]
[Result "1-0"]
[WhiteElo "1338"]
[BlackElo "1245"]

1. e4 e5 2. d3 d6 3. Nf3 Qf6 4. Nc3 Na6 5. Nd5 Qg6 6. Nh4 Qe6 7. Be3 c6 8. Nb4
Nxb4 9. c3 Na6 10. d4 b5 11. d5 cxd5 12. Bxb5+ Bd7 13. Ba4 g5 14. Bxg5 f6 15.
Be3 d4 16. cxd4 exd4 17. Qh5+ Kd8 18. Qa5+ 1-0

[Event "Challenge"]
[Site "http://www.queenalice.com/game.php?id=1474794"]
[Date "2017.4.23"]
[Round "-"]
[White "mallard97"]
[Black "mvson33"]
[Result "0-1"]
[WhiteElo "1283"]
[BlackElo "1727"]

1. e4 d5 2. f3 dxe4 3. fxe4 e5 4. Nf3 Bd6 5. Bd3 Nf6 6. O-O O-O 7. Nc3 Nc6 8.
Nh4 Nxe4 9. Bxe4 Qxh4 10. g3 Qe7 11. Qh5 g6 12. Qg4 Bxg4 0-1